Sociología Histórica de las Instituciones de Salud en México /

Salvato in:
Dettagli Bibliografici
Autore principale: Moreno Cueta, Enrique (autor)
Natura: Libro
Lingua:spagnolo
Pubblicazione: México : Instituto Mexicano del Seguro Social, 1982
Soggetti:
Tags: Aggiungi Tag
Nessun Tag, puoi essere il primo ad aggiungerne!!

MARC

LEADER 00000nam^a2200000^a^4500
001 000010744
005 20260320000000.0
009 20260407165738.443
037 |a Acervo ITESO - Biblioteca 
041 |a ESP 
082 |a 614. 409  |b MOR 
100 |a Moreno Cueta, Enrique  |e (autor) 
245 1 0 |a Sociología Histórica de las Instituciones de Salud en México /  |c E. Moreno Cueto 
264 1 |a México :  |b Instituto Mexicano del Seguro Social,  |c 1982 
300 |a 98 p. 
336 |a texto  |b txt  |2 rdacontenido 
337 |a sin mediación  |b n  |2 rdamedio 
338 |a volumen  |b nc  |2 rdasoporte 
649 |a XX 
650 |a Salud Pública -  |z México -  |x Historia 
910 |a Fondo General 
920 |a Impresos - Libros 
930 |a Colección General 
905 |a 101 
901 |a 0107440100  |b IT1  |c ACC  |d BD  |i 010744  |u 20260320 
902 |a https://opac.biblio.iteso.mx/vufind/Record/000010744